Toutes les communes du canton de Blain (44) - Statistiques

Statistiques générales
  • Ce quiz a été pris 51 fois
  • Le résultat moyen est 8 sur 14
Réponses sur la Carte
Les réponses sont colorées sur une échelle allant du rouge au vert en fonction du pourcentage des utilisateurs qui les ont devinées à leur premier essai. Vous pouvez retrouver ces pourcentages ci-dessous.
 
Statistiques - réponses
Commune % Correct
Blain
100%
Bouvron
67%
Savenay
67%
Le Gâvre
61%
Le Temple-de-Bretagne
61%
Campbon
56%
Bouée
50%
Cordemais
50%
Malville
50%
Saint-Étienne-de-Montluc
50%
La Chapelle-Launay
44%
Lavau-sur-Loire
44%
Prinquiau
44%
Quilly
39%
Aucun quiz correspondant
Distribution des résultats
% des personnes avec chaque résultat
Percentile par nombre de réponses
Votre historique - résultats
Vous n’avez pas pris ce quiz